Catálogo

Historia gráfica de la medicina / (Registro nro. 64123)

Detalles MARC
000 -LEADER
fixed length control field 00776nam a2200229 u 4500
001 - CONTROL NUMBER
control field 64123
005 - DATE AND TIME OF LATEST TRANSACTION
control field 20180714070840.0
008 - FIXED-LENGTH DATA ELEMENTS--GENERAL INFORMATION
fixed length control field 160412s2010 mx a r 000 0 spa d
020 ## - INTERNATIONAL STANDARD BOOK NUMBER
International Standard Book Number 9786077659150
041 0# - LANGUAGE CODE
Language code of text/sound track or separate title spa
082 0# - DEWEY DECIMAL CLASSIFICATION NUMBER
Classification number 610.09
Item number BAR
100 1# - MAIN ENTRY--PERSONAL NAME
Personal name Barquín Calderón, Manuel,
Relator term autor
245 10 - TITLE STATEMENT
Title Historia gráfica de la medicina /
Statement of responsibility, etc. Manuel Barquin Calderón; Francisco Méndez Cervantes.
250 ## - EDITION STATEMENT
Edition statement Segunda edición
264 #1 - PRODUCTION, PUBLICATION, DISTRIBUTION, MANUFACTURE, AND COPYRIGHT NOTICE
Place of production, publication, distribution, manufacture México :
Name of producer, publisher, distributor, manufacturer Méndez Editores, S.A. de C.V.,
Date of production, publication, distribution, manufacture, or copyright notice 2010
300 ## - PHYSICAL DESCRIPTION
Extent xxiv; 989 páginas :
Other physical details ilustraciones ;
Dimensions 24 cm.
336 ## - CONTENT TYPE
Content type term texto
Source rdacontent
337 ## - MEDIA TYPE
Media type term sin mediación
Source rdamedia
338 ## - CARRIER TYPE
Carrier type term volumen
Source rdacarrier
650 #4 - SUBJECT ADDED ENTRY--TOPICAL TERM
Topical term or geographic name entry element Historia de la medicina
700 1# - ADDED ENTRY--PERSONAL NAME
Personal name Méndez Cervantes, Francisco,
Relator term autor
Existencias
Withdrawn status Lost status Source of classification or shelving scheme Damaged status Not for loan Collection code Home library Current library Shelving location Date acquired Source of acquisition Inventory number Total Checkouts Full call number Barcode Date last seen Price effective from Koha item type
    Dewey Decimal Classification     General Biblioteca Karol Wojtyla Biblioteca Karol Wojtyla Sala general 12/04/2016 Compra 151000000000000000006989   610.09 BAR 2010 95227 05/01/2026 19/04/2016 Reserva permanente